Παροιμίες και παροιμιακές φράσεις που λέγονται στην Αγιάσο Λέσβου
Αποθηκεύτηκε σε:
| Κύριος συγγραφέας: | |
|---|---|
| Άλλοι συγγραφείς: | |
| Μορφή: | Βιβλίο |
| Γλώσσα: | Greek |
| Δημοσίευση: |
Μυτιλήνη :
1997
|
| Έκδοση: | 2η έκδ., βελτ. |
| Θέματα: | |
| Ετικέτες: |
Προσθήκη ετικέτας
Δεν υπάρχουν, Καταχωρήστε ετικέτα πρώτοι!
|
MARC
| LEADER | 00000cam a2200000 i 4500 | ||
|---|---|---|---|
| 001 | 1/40009 | ||
| 008 | 030904s1997 gre d | ||
| 035 | |l 10070729 | ||
| 040 | |a GR-MY-UA |b gre |e aacr | ||
| 041 | 0 | |a gre | |
| 082 | 0 | |a 398.90949582 | |
| 100 | 1 | |a Παπάνης, Δημήτρης. | |
| 245 | 1 | 0 | |a Παροιμίες και παροιμιακές φράσεις που λέγονται στην Αγιάσο Λέσβου / |c Δημήτρη Παπάνη και Γιάννη Παπάνη |
| 250 | |a 2η έκδ., βελτ. | ||
| 260 | |a Μυτιλήνη : |c 1997 | ||
| 300 | |a 182 σ. | ||
| 650 | 0 | 0 | |a Proverbs, Greek (Modern) |z Greece |z Hagiasos. |
| 650 | 0 | 0 | |a Folklore |z Greece |z Hagiasos. |
| 700 | 1 | |a Παπάνης, Γιάννης Δ., |d 1942- | |
| 852 | |a INST |b LESVOS |e 20030904 |h 398.949582 ΠΑΠ |p 005100016459 |q 005100016459 |t BK |y 0 |z τ.1 | ||
| 852 | |a INST |b LESVOS |e 20030904 |h 398.949582 ΠΑΠ |p 005100016459 |q 005100016459 |t BK |v τ.1: |y 0 |z τ.1 | ||
| 853 | |a INST |b LESVOS |h 398.949582 ΠΑΠ | ||
| 909 | |a Λ |b 051629 | ||